[Event "Oberliga Nord O 1617"]
[Site "Germany"]
[Date "2016.11.20"]
[Round "2.6"]
[White "Kiel, Bernd"]
[Black "Salzberg, Gregor"]
[Result "1-0"]
[WhiteElo "1993"]
[BlackElo "2129"]
[PlyCount "89"]
[EventDate "2016.10.16"]
[EventType "team-tourn"]
[EventRounds "9"]
[EventCountry "GER"]
[SourceTitle "EXT 2018"]
[Source "ChessBase"]
[SourceDate "2017.10.13"]
[SourceVersion "1"]
[SourceVersionDate "2017.10.13"]
[SourceQuality "1"]
[WhiteTeam "Guestrow/Teterow"]
[BlackTeam "Oberschoeneweide"]
[WhiteTeamCountry "GER"]
[BlackTeamCountry "GER"]

1. e4 e6 2. d4 d5 3. Nd2 h6 4. Ngf3 Nf6 5. Bd3 c5 6. c3 cxd4 7. cxd4 dxe4 8. Nxe4 Nbd7 9. 0-0 Be7 10. Bf4 Qb6 11. Rc1 Nxe4 12. Bxe4 Qxb2 13. Qa4 Qb4 14. Qc2 0-0 15. Rb1 Qa3 16. Rb3 Qa4 17. Qd2 Nf6 18. Bb1 Rd8 19. Bxh6 Rd5 20. Bg5 Qa5 21. Qxa5 Rxa5 22. Rc1 Ra3 23. Rb2 b6 24. Ne5 Ba6 25. Rbc2 Ra4 26. Rd1 Kf8 27. h4 Nd5 28. g3 Bxg5 29. hxg5 f6 30. gxf6 gxf6 31. Ng4 Ke7 32. Rcd2 Nc3 33. Re1 Rd8 34. Bf5 Bc4 35. Rc2 Nb5 36. Rxc4 Rxc4 37. Rxe6+ Kd7 38. Rxb6+ Ke7 39. Rxb5 Rc7 40. d5 Rd6 41. Ne3 Ra6 42. Rb2 Rc1+ 43. Kg2 Ra1 44. Nc4 R6xa2 45. d6+ 1-0

[Event "Oberliga Nord O 1617"]
[Site "Germany"]
[Date "2016.10.16"]
[Round "1.4"]
[White "Salzberg, Gregor"]
[Black "Glantz, Robert"]
[Result "0-1"]
[WhiteElo "2129"]
[BlackElo "2340"]
[PlyCount "92"]
[EventDate "2016.10.16"]
[EventType "team-tourn"]
[EventRounds "9"]
[EventCountry "GER"]
[SourceTitle "EXT 2018"]
[Source "ChessBase"]
[SourceDate "2017.10.13"]
[SourceVersion "1"]
[SourceVersionDate "2017.10.13"]
[SourceQuality "1"]
[WhiteTeam "Oberschoeneweide"]
[BlackTeam "Kreuzberg"]
[WhiteTeamCountry "GER"]
[BlackTeamCountry "GER"]

1. d4 Nf6 2. c4 g6 3. Nc3 Bg7 4. e4 d6 5. f3 0-0 6. Be3 c5 7. dxc5 dxc5 8. Qxd8 Rxd8 9. Bxc5 Nc6 10. Nge2 Nd7 11. Be3 Nde5 12. Nf4 Nb4 13. Kf2 Be6 14. Ncd5 Bxd5 15. Nxd5 Nc2 16. Rd1 e6 17. Nc3 Rxd1 18. Nxd1 Rd8 19. Be2 Nc6 20. f4 Nxe3 21. Kxe3 Bd4+ 22. Kf3 Bc5 23. Kg3 Rd2 24. Bf3 e5 25. f5 Kg7 26. a3 a5 27. Rf1 Bd4 28. Nc3 Rxb2 29. Nd5 Rb3 30. h4 gxf5 31. Kh2 f4 32. a4 Bc5 33. Bd1 Rd3 34. Bg4 Rd4 35. g3 fxg3+ 36. Kxg3 Rxe4 37. Bh5 Nd8 38. Nf6 Rxc4 39. Ne8+ Kf8 40. Nf6 Kg7 41. Ne8+ Kf8 42. Nf6 Ke7 43. Ng8+ Kd6 44. Rf6+ Kc7 45. Bxf7 Rxa4 46. Nh6 Rf4 0-1

[Event "Oberliga Nord O 1516"]
[Site "Germany"]
[Date "2015.12.13"]
[Round "4.5"]
[White "Georgi, Johannes"]
[Black "Salzberg, Gregor"]
[Result "1-0"]
[WhiteElo "2018"]
[BlackElo "2156"]
[PlyCount "113"]
[EventDate "2015.09.20"]
[EventType "team-tourn"]
[EventRounds "9"]
[EventCountry "GER"]
[SourceTitle "CBM 170 Extra"]
[Source "ChessBase"]
[SourceDate "2016.02.25"]
[SourceVersion "1"]
[SourceVersionDate "2016.02.25"]
[SourceQuality "1"]
[WhiteTeam "Fuerstenwalde"]
[BlackTeam "Oberschoeneweide"]
[WhiteTeamCountry "GER"]
[BlackTeamCountry "GER"]

1. Nc3 d5 2. e4 e6 3. Nf3 Nc6 4. Bb5 a6 5. Bxc6+ bxc6 6. 0-0 Nf6 7. d3 Be7 8. e5 Nd7 9. Re1 c5 10. Bd2 Rb8 11. Rb1 Bb7 12. h3 Ba8 13. Qe2 h6 14. Nh2 Nb6 15. Qg4 g6 16. a3 c4 17. d4 c5 18. Be3 Nd7 19. Ne2 Bc6 20. Nf4 Ba4 21. Nxe6 h5 22. Nxd8 hxg4 23. Nxf7 Kxf7 24. e6+ Kf8 25. exd7 gxh3 26. dxc5 Bxd7 27. Bd4 Rh4 28. Nf3 Rg4 29. g3 Bf5 30. Re2 Rc8 31. Rbe1 Re4 32. b4 cxb3 33. cxb3 Rxe2 34. Rxe2 Bg4 35. Re3 a5 36. Ne5 Bf5 37. g4 Bb1 38. Re1 Bc2 39. Re2 Bb1 40. Rb2 Be4 41. f3 Rxc5 42. fxe4 Rc1+ 43. Kh2 Bxa3 44. Rf2+ Ke8 45. exd5 Rd1 46. Nf3 Rd3 47. Re2+ Kf8 48. Re3 Rd1 49. Kxh3 g5 50. Nxg5 Bc1 51. Bc5+ Kg7 52. Ne6+ Kg6 53. Re5 Rd3+ 54. Kh4 Rxb3 55. Rf5 a4 56. d6 Bb2 57. d7 1-0

[Event "Berlin Eckbauer op 17th"]
[Site "Berlin"]
[Date "2014.10.06"]
[Round "1"]
[White "Ziems, Michael"]
[Black "Salzberg, Gregor"]
[Result "0-1"]
[WhiteElo "1818"]
[BlackElo "2193"]
[PlyCount "75"]
[EventDate "2014.10.06"]
[EventType "swiss"]
[EventRounds "7"]
[EventCountry "GER"]
[SourceTitle "EXT 2022"]
[Source "ChessBase"]
[SourceDate "2021.10.06"]
[SourceVersion "1"]
[SourceVersionDate "2021.10.06"]
[SourceQuality "1"]

1. d4 e6 2. c4 f5 3. Nc3 Nf6 4. Nf3 Bb4 5. g3 0-0 6. Bg2 c6 7. 0-0 d5 8. Bg5 Nbd7 9. Qb3 Be7 10. Rac1 Qe8 11. a4 h6 12. Bf4 a5 13. h3 Qh5 14. Nh2 g5 15. Bc7 dxc4 16. Qxc4 Nd5 17. Be5 Nxe5 18. dxe5 Nxc3 19. Rxc3 Kg7 20. Rd1 Ra6 21. g4 Qf7 22. Rdd3 Rb6 23. Rb3 Rxb3 24. Qxb3 Rd8 25. Qb6 Rxd3 26. exd3 Bb4 27. Qd8 Bd7 28. gxf5 exf5 29. Qb6 Be6 30. Nf3 Bd5 31. Qd4 Qe7 32. e6+ Qf6 33. Qb6 Qxe6 34. Qxb7+ Kg6 35. Qc7 Kh5 36. Nd4 Qe1+ 37. Kh2 Qxf2 38. Qe5 0-1

[Event "Berlin-ch"]
[Site "Berlin"]
[Date "2009.04.17"]
[Round "7"]
[White "Salzberg, Gregor"]
[Black "Niehaus, Frank"]
[Result "1-0"]
[WhiteElo "2164"]
[BlackElo "2148"]
[PlyCount "73"]
[EventDate "2009.04.11"]
[EventType "swiss"]
[EventRounds "9"]
[EventCountry "GER"]
[SourceTitle "CBM 129 Extra"]
[Source "ChessBase"]
[SourceDate "2009.05.05"]
[SourceVersion "2"]
[SourceVersionDate "2009.05.20"]
[SourceQuality "1"]

1. d4 Nf6 2. c4 g6 3. Nc3 Bg7 4. e4 d6 5. f3 0-0 6. Be3 Nc6 7. Nge2 a6 8. Qd2 Rb8 9. Rd1 b5 10. Nc1 b4 11. Nd5 e6 12. Nxf6+ Bxf6 13. Be2 Bg7 14. 0-0 f5 15. Nb3 a5 16. d5 a4 17. dxc6 axb3 18. axb3 Qe8 19. c5 Qxc6 20. cxd6 cxd6 21. Qxd6 Qxd6 22. Rxd6 Bxb2 23. Bc4 Kf7 24. exf5 gxf5 25. Rfd1 Re8 26. Rc6 Be5 27. f4 Bc3 28. Rc7+ Kg6 29. Rd6 Ra8 30. h3 Bf6 31. Rdc6 h6 32. g4 Rd8 33. gxf5+ Kxf5 34. Rxc8 Rd1+ 35. Kf2 Ra2+ 36. Kf3 Rh1 37. Bxe6+ 1-0

[Event "Berlin-ch"]
[Site "Berlin"]
[Date "2009.04.11"]
[Round "1"]
[White "Salzberg, Gregor"]
[Black "Von Herman, Ulf"]
[Result "0-1"]
[WhiteElo "2164"]
[BlackElo "2381"]
[PlyCount "76"]
[EventDate "2009.04.11"]
[EventType "swiss"]
[EventRounds "9"]
[EventCountry "GER"]
[SourceTitle "CBM 129 Extra"]
[Source "ChessBase"]
[SourceDate "2009.05.05"]
[SourceVersion "2"]
[SourceVersionDate "2009.05.20"]
[SourceQuality "1"]

1. d4 d5 2. c4 dxc4 3. Nf3 Nf6 4. Nc3 c6 5. a4 Bf5 6. e3 e6 7. Bxc4 Bb4 8. Bd2 0-0 9. 0-0 Nbd7 10. Ne4 Bxd2 11. Nxf6+ Qxf6 12. Qxd2 Be4 13. Be2 c5 14. dxc5 Nxc5 15. Qb4 Rac8 16. Rfd1 Bc2 17. Re1 Nb3 18. Ra2 b6 19. Ba6 Rc5 20. Nd4 Nxd4 21. exd4 Rd5 22. Qc3 Bf5 23. Qc7 Qxd4 24. Qxa7 Qb4 25. Raa1 Ra5 26. Qb7 Rxa4 27. Bf1 Rxa1 28. Rxa1 Be4 29. Qa6 Qxb2 30. Ra2 Qc1 31. Qe2 Bd5 32. Rc2 Qa1 33. Qb5 Qa5 34. Qd7 g6 35. h4 h5 36. Rc8 Rxc8 37. Qxc8+ Kg7 38. Qc7 Qa1 0-1

[Event "Berlin-ch"]
[Site "Berlin"]
[Date "2008.03.27"]
[Round "6"]
[White "Salzberg, Gregor"]
[Black "Schlemermeyer, Wilhelm"]
[Result "1/2-1/2"]
[WhiteElo "2137"]
[BlackElo "2310"]
[PlyCount "85"]
[EventDate "2008.03.22"]
[EventType "swiss"]
[EventRounds "9"]
[EventCountry "GER"]
[SourceTitle "CBM 123 Extra"]
[Source "ChessBase"]
[SourceDate "2008.05.06"]
[SourceVersion "1"]
[SourceVersionDate "2008.05.06"]
[SourceQuality "1"]

1. d4 Nf6 2. c4 g6 3. Nc3 d5 4. cxd5 Nxd5 5. e4 Nxc3 6. bxc3 Bg7 7. Bc4 c5 8. Ne2 Nc6 9. Be3 0-0 10. 0-0 Bd7 11. Rc1 Rc8 12. f3 Qa5 13. Rf2 Qa3 14. Qb3 Qxb3 15. Bxb3 cxd4 16. cxd4 Na5 17. Rd1 Nc4 18. Bg5 e6 19. e5 h6 20. Bxc4 Rxc4 21. Be7 Rfc8 22. Ng3 Rc1 23. Rxc1 Rxc1+ 24. Rf1 Rc4 25. Rd1 Bc6 26. Rd2 h5 27. Bg5 Bf8 28. Ne4 Bb4 29. Rd1 Kf8 30. h3 Bxe4 31. fxe4 Be7 32. Be3 Ke8 33. Kf1 Kd7 34. Ke2 Bb4 35. Rc1 Rxc1 36. Bxc1 Bc3 37. Kd3 Ba1 38. Kc4 Kc6 39. a4 a6 40. d5+ Kc7 41. Bf4 Bb2 42. Kb3 Bd4 43. Kc4 1/2-1/2

[Event "Berlin-ch"]
[Site "Berlin"]
[Date "2008.03.24"]
[Round "3"]
[White "Schmidt, Juergen"]
[Black "Salzberg, Gregor"]
[Result "0-1"]
[WhiteElo "2080"]
[BlackElo "2137"]
[PlyCount "81"]
[EventDate "2008.03.22"]
[EventType "swiss"]
[EventRounds "9"]
[EventCountry "GER"]
[SourceTitle "CBM 123 Extra"]
[Source "ChessBase"]
[SourceDate "2008.05.06"]
[SourceVersion "1"]
[SourceVersionDate "2008.05.06"]
[SourceQuality "1"]

1. e4 e6 2. d4 d5 3. e5 c5 4. c3 Nc6 5. Nf3 Nge7 6. Na3 cxd4 7. cxd4 Nf5 8. Nc2 Bd7 9. Bd3 Qb6 10. Bxf5 exf5 11. 0-0 h6 12. b3 a5 13. Bb2 Be7 14. Ne3 Be6 15. Qb1 g6 16. Bc3 0-0 17. Qb2 Rfc8 18. Rfd1 Rc7 19. Rac1 Na7 20. Qd2 Nb5 21. Bb2 Bb4 22. Qd3 Rac8 23. Rxc7 Rxc7 24. Rc1 Rxc1+ 25. Bxc1 f4 26. Nd1 Bf5 27. Qf1 g5 28. Bb2 Be4 29. a4 Nc7 30. e6 Nxe6 31. Nc3 Bxc3 32. Bxc3 Bxf3 33. gxf3 Qxb3 34. Qa1 b6 35. Kg2 Qc2 36. Qb2 Qxb2 37. Bxb2 f5 38. Bc3 Kf7 39. Kh3 Ke8 40. Kg2 Kd7 41. h4 0-1

[Event "Berlin-ch"]
[Site "Berlin"]
[Date "2008.03.23"]
[Round "2"]
[White "Salzberg, Gregor"]
[Black "Glantz, Robert"]
[Result "0-1"]
[WhiteElo "2137"]
[BlackElo "2059"]
[PlyCount "84"]
[EventDate "2008.03.22"]
[EventType "swiss"]
[EventRounds "9"]
[EventCountry "GER"]
[SourceTitle "CBM 123 Extra"]
[Source "ChessBase"]
[SourceDate "2008.05.06"]
[SourceVersion "1"]
[SourceVersionDate "2008.05.06"]
[SourceQuality "1"]

1. d4 Nf6 2. c4 g6 3. Nc3 Bg7 4. e4 d6 5. f3 0-0 6. Be3 Nc6 7. Nge2 a6 8. Qd2 Rb8 9. Nc1 e5 10. d5 Nd4 11. N1e2 c5 12. dxc6 Nxc6 13. Bg5 h6 14. Bxh6 Nxe4 15. Nxe4 Qh4+ 16. g3 Qxh6 17. Rd1 Qh5 18. Bg2 Nd4 19. Nxd4 exd4 20. 0-0 Be6 21. b3 Rfd8 22. Qf4 Kf8 23. Ng5 Bf5 24. g4 Qh4 25. Nh3 Be6 26. Ng5 Be5 27. Nxe6+ Kg8 28. Qg5 Bxh2+ 29. Kh1 Qh7 30. Rf2 Bf4+ 31. Kg1 Qh2+ 32. Kf1 Bxg5 33. Nxg5 d5 34. cxd5 Rxd5 35. f4 Rc5 36. Ne4 Rc7 37. f5 Rbc8 38. fxg6 fxg6 39. g5 Rc1 40. Ke2 Rxd1 41. Kxd1 Qg1+ 42. Ke2 Rc1 0-1

[Event "Berlin-ch"]
[Site "Berlin"]
[Date "2008.03.22"]
[Round "1"]
[White "Lueders, Gerhard"]
[Black "Salzberg, Gregor"]
[Result "1-0"]
[WhiteElo "2275"]
[BlackElo "2137"]
[PlyCount "75"]
[EventDate "2008.03.22"]
[EventType "swiss"]
[EventRounds "9"]
[EventCountry "GER"]
[SourceTitle "CBM 123 Extra"]
[Source "ChessBase"]
[SourceDate "2008.05.06"]
[SourceVersion "1"]
[SourceVersionDate "2008.05.06"]
[SourceQuality "1"]

1. d4 e6 2. Nf3 d5 3. c4 c6 4. Nc3 Nf6 5. e3 Nbd7 6. Bd3 Bd6 7. 0-0 0-0 8. e4 dxe4 9. Nxe4 Be7 10. Qe2 h6 11. Rd1 Qc7 12. g3 Nxe4 13. Bxe4 Nf6 14. Bf4 Bd6 15. Ne5 g5 16. Bd2 Nxe4 17. Qxe4 f5 18. Qe2 Bxe5 19. Qxe5 Qxe5 20. dxe5 b6 21. f4 g4 22. Bc3 Ba6 23. b3 Rfd8 24. Rd6 Rxd6 25. exd6 Rd8 26. Rd1 Rd7 27. Bf6 c5 28. h3 h5 29. hxg4 hxg4 30. Be7 Bb7 31. Rd2 Be4 32. Re2 Kf7 33. Rh2 Kg7 34. Kf2 Rb7 35. Ke1 Bc6 36. Kd2 Rb8 37. Kc2 Rh8 38. Bf6+ 1-0

[Event "Berlin Herbst op"]
[Site "Berlin"]
[Date "2007.10.18"]
[Round "5"]
[White "Figura, Atila Gajo"]
[Black "Salzberg, Gregor"]
[Result "1/2-1/2"]
[WhiteElo "2413"]
[BlackElo "2142"]
[PlyCount "207"]
[EventDate "2007.10.14"]
[EventType "swiss"]
[EventRounds "9"]
[EventCountry "GER"]
[SourceTitle "EXT 2008"]
[Source "ChessBase"]
[SourceDate "2007.11.25"]
[SourceVersion "1"]
[SourceVersionDate "2007.11.25"]
[SourceQuality "1"]

1. d4 e6 2. c4 Nf6 3. Nc3 d5 4. cxd5 exd5 5. Bg5 Be7 6. e3 c6 7. Bd3 0-0 8. Qc2 Nbd7 9. Nf3 Re8 10. h3 Nf8 11. Bf4 Be6 12. 0-0 Nh5 13. Bh2 g6 14. Rab1 Ng7 15. b4 a6 16. Na4 Bd6 17. Bxd6 Qxd6 18. Nc5 Re7 19. a4 Bf5 20. Rfc1 Nfe6 21. Qd2 Nxc5 22. dxc5 Qf6 23. Bxf5 Nxf5 24. b5 axb5 25. axb5 Re4 26. bxc6 bxc6 27. Rb6 Rea4 28. Qxd5 Ra1 29. Qd1 R1a2 30. Qd7 Ra1 31. Rcb1 Kg7 32. e4 Rd8 33. Qc7 Rd1+ 34. Rxd1 Rxd1+ 35. Kh2 Nd4 36. Qg3 Nxf3+ 37. Qxf3 Qe5+ 38. g3 Rc1 39. Rxc6 Rxc5 40. Rxc5 Qxc5 41. Qf4 f6 42. Qd2 Qa7 43. Kg2 Qe7 44. Qd4 Qc7 45. Qd5 Qe7 46. h4 Qc7 47. Qd4 h5 48. Qd3 Qa7 49. f4 Qa2+ 50. Kf3 Qa1 51. Qd7+ Kg8 52. Qd8+ Kg7 53. Qc7+ Kg8 54. e5 Qh1+ 55. Ke3 Qe1+ 56. Kd4 fxe5+ 57. fxe5 Qxg3 58. Qd8+ Kh7 59. Qe7+ Kg8 60. Qe8+ Kg7 61. Qd7+ Kg8 62. e6 Qxh4+ 63. Kd5 Qg5+ 64. Kc6 Qf6 65. Kc7 Qe5+ 66. Kc8 Qc5+ 67. Qc7 Qf5 68. Qd8+ Kg7 69. Qd7+ Kh6 70. e7 Qc5+ 71. Kd8 Qg5 72. Qd4 Qa5+ 73. Ke8 Kh7 74. Kf7 Qf5+ 75. Qf6 Qd5+ 76. Qe6 Qf3+ 77. Ke8 Qa8+ 78. Kd7 Qb7+ 79. Kd8 Qa8+ 80. Qc8 Qd5+ 81. Qd7 Qa5+ 82. Qc7 Qa8+ 83. Kd7 Qd5+ 84. Qd6 Qb5+ 85. Qc6 Qf5+ 86. Kd8 Qa5+ 87. Kc8 Qf5+ 88. Kb7 Qf7 89. Qd7 Qf3+ 90. Kb8 Qf4+ 91. Ka8 Qf3+ 92. Qb7 Qa3+ 93. Kb8 Qd6+ 94. Qc7 Qb4+ 95. Kc8 Qg4+ 96. Qd7 Qc4+ 97. Kb7 Qe4+ 98. Ka7 Qe3+ 99. Kb8 Qe5+ 100. Kb7 Qe4+ 101. Ka6 Qe2+ 102. Kb6 Qe3+ 103. Kc7 Qa7+ 104. Kc6 1/2-1/2

[Event "Berlin-ch"]
[Site "Berlin"]
[Date "2007.04.13"]
[Round "8"]
[White "Salzberg, Gregor"]
[Black "Domingo, Miguel"]
[Result "1/2-1/2"]
[WhiteElo "2123"]
[BlackElo "2190"]
[PlyCount "168"]
[EventDate "2007.04.06"]
[EventType "swiss"]
[EventRounds "9"]
[EventCountry "GER"]
[SourceTitle "CBM 117 Extra"]
[Source "ChessBase"]
[SourceDate "2007.05.09"]
[SourceVersion "1"]
[SourceVersionDate "2007.05.09"]
[SourceQuality "1"]

1. d4 Nf6 2. c4 c5 3. d5 b5 4. cxb5 a6 5. b6 e6 6. Nc3 exd5 7. Nxd5 Nxd5 8. Qxd5 Nc6 9. Nf3 Rb8 10. Ne5 Qf6 11. Nxc6 dxc6 12. Qf3 Be7 13. Bd2 Qxf3 14. exf3 Bf6 15. 0-0-0 Rxb6 16. b3 Bd4 17. Be3 Bxe3+ 18. fxe3 Be6 19. Rd2 a5 20. Rc2 a4 21. bxa4 Rb4 22. Rxc5 Rxa4 23. Rxc6 Rxa2 24. Ra6 Ke7 25. Rxa2 Bxa2 26. Kb2 Be6 27. Bd3 h5 28. Ra1 Rc8 29. Ra5 g6 30. Ra1 Kf6 31. Rc1 Rb8+ 32. Kc3 Ra8 33. Kd2 Ra2+ 34. Rc2 Ra1 35. e4 Rh1 36. h3 Rg1 37. Ke3 Ra1 38. f4 Ra3 39. Rd2 Rb3 40. Kf2 Ra3 41. e5+ Kg7 42. Be2 Rb3 43. Bf3 Rb4 44. Ke3 Rb3+ 45. Rd3 Rb2 46. Ra3 Rb4 47. Be4 Rc4 48. Kf3 Rb4 49. Re3 Ra4 50. g4 hxg4+ 51. hxg4 Ra5 52. Rd3 Rb5 53. Bc6 Rb3 54. Rxb3 Bxb3 55. Kg3 Bc4 56. Be4 Bb3 57. Kf2 Kf8 58. Ke3 Ke7 59. Bf3 Ba2 60. Kd4 Bb3 61. g5 Be6 62. Be4 Bh3 63. Bd5 Bf5 64. Ke3 Bg4 65. Kf2 Bf5 66. Kg3 Bd7 67. Bf3 Bf5 68. Bg4 Bd3 69. Bh3 Be4 70. Kf2 Bd3 71. Ke3 Bc2 72. Kd4 Bb1 73. e6 fxe6 74. Ke5 Ba2 75. Bg2 Kf7 76. Kd6 Bb3 77. Bc6 Bc4 78. Kd7 Bb3 79. Kd8 Bc4 80. Be8+ Kg7 81. Ke7 Bb3 82. Bf7 Bc2 83. Kxe6 Bd3 84. Kd6 Bc2 1/2-1/2

[Event "Berlin-ch"]
[Site "Berlin"]
[Date "2007.04.12"]
[Round "7"]
[White "Kachibadze, Georg"]
[Black "Salzberg, Gregor"]
[Result "0-1"]
[WhiteElo "2021"]
[BlackElo "2123"]
[PlyCount "47"]
[EventDate "2007.04.06"]
[EventType "swiss"]
[EventRounds "9"]
[EventCountry "GER"]
[SourceTitle "CBM 117 Extra"]
[Source "ChessBase"]
[SourceDate "2007.05.09"]
[SourceVersion "1"]
[SourceVersionDate "2007.05.09"]
[SourceQuality "1"]

1. d4 e6 2. g3 d5 3. Bg2 c6 4. c4 f5 5. Qc2 Nf6 6. Nh3 Bd6 7. Bf4 0-0 8. Nd2 Ne4 9. Nf3 Bb4+ 10. Kf1 Be7 11. Bxb8 Rxb8 12. Nf4 g5 13. Nd3 dxc4 14. Nde5 g4 15. Nxg4 fxg4 16. Qxe4 gxf3 17. Bxf3 Qd5 18. Qe3 Qg5 19. Qc3 b5 20. h4 Qf6 21. h5 c5 22. Rh4 cxd4 23. Qxd4 Qxd4 24. Rxd4 0-1

[Event "Berlin Eckbauer op 09th"]
[Site "Berlin"]
[Date "2006.11.06"]
[Round "5"]
[White "Salzberg, Gregor"]
[Black "Welz, Peter"]
[Result "0-1"]
[WhiteElo "2097"]
[BlackElo "2122"]
[PlyCount "42"]
[EventDate "2006.10.09"]
[EventType "swiss"]
[EventRounds "7"]
[EventCountry "GER"]
[SourceTitle "EXT 2022"]
[Source "ChessBase"]
[SourceDate "2021.10.06"]
[SourceVersion "1"]
[SourceVersionDate "2021.10.06"]
[SourceQuality "1"]

1. d4 f5 2. c4 Nf6 3. Nc3 g6 4. h4 Bg7 5. h5 Nxh5 6. e4 fxe4 7. Rxh5 gxh5 8. Qxh5+ Kf8 9. Bh6 d5 10. Bxg7+ Kxg7 11. Qe5+ Kg8 12. Nxd5 Nc6 13. Qg3+ Kf8 14. 0-0-0 Qd6 15. Qh4 Be6 16. Nf4 Bf7 17. d5 Ne5 18. Ne6+ Bxe6 19. Qh6+ Kf7 20. Qf4+ Ke8 21. dxe6 Nd3+ 0-1

[Event "Berlin Eckbauer op 09th"]
[Site "Berlin"]
[Date "2006.10.30"]
[Round "4"]
[White "Lueders, Gerhard"]
[Black "Salzberg, Gregor"]
[Result "1/2-1/2"]
[WhiteElo "2166"]
[BlackElo "2097"]
[PlyCount "119"]
[EventDate "2006.10.09"]
[EventType "swiss"]
[EventRounds "7"]
[EventCountry "GER"]
[SourceTitle "EXT 2022"]
[Source "ChessBase"]
[SourceDate "2021.10.06"]
[SourceVersion "1"]
[SourceVersionDate "2021.10.06"]
[SourceQuality "1"]

1. d4 e6 2. c4 d5 3. Nc3 Nf6 4. Bg5 Be7 5. e3 0-0 6. Nf3 Nbd7 7. Bd3 a6 8. 0-0 dxc4 9. Bxc4 b5 10. Bd3 Bb7 11. a3 c5 12. Rc1 h6 13. Bh4 Rc8 14. Bb1 b4 15. axb4 cxb4 16. Ne2 Qa5 17. Bxf6 Nxf6 18. Ng3 Rxc1 19. Qxc1 Rc8 20. Qd2 Qc7 21. Ne5 a5 22. Qd3 Qd6 23. Nh5 Ba6 24. Nxf6+ Bxf6 25. Qh7+ Kf8 26. Ng4 Qc7 27. Bd3 Bxd3 28. Qxd3 Qc4 29. Qe4 Qc6 30. Nxf6 gxf6 31. Qh7 Ke7 32. Qxh6 Rg8 33. g3 Qc2 34. Qf4 Rg5 35. e4 e5 36. Qe3 exd4 37. Qxd4 Re5 38. Re1 Rc5 39. Rd1 Kf8 40. h4 Kg7 41. g4 Rc4 42. Qd3 Qxd3 43. Rxd3 Rxe4 44. f3 Re1+ 45. Kf2 Ra1 46. b3 Rh1 47. Kg3 Ra1 48. Kf4 Ra3 49. Rd5 Rxb3 50. Rxa5 Rb1 51. Rf5 b3 52. h5 b2 53. Rb5 Kh6 54. Kf5 Rf1 55. Rxb2 Rxf3+ 56. Ke4 Rf1 57. Rh2 Re1+ 58. Kf4 Rf1+ 59. Kg3 Rg1+ 60. Kf3 1/2-1/2

[Event "Berlin Eckbauer op 09th"]
[Site "Berlin"]
[Date "2006.10.23"]
[Round "3"]
[White "Salzberg, Gregor"]
[Black "Kievelitz, Bernd"]
[Result "1-0"]
[WhiteElo "2097"]
[BlackElo "1947"]
[PlyCount "89"]
[EventDate "2006.10.09"]
[EventType "swiss"]
[EventRounds "7"]
[EventCountry "GER"]
[SourceTitle "EXT 2022"]
[Source "ChessBase"]
[SourceDate "2021.10.06"]
[SourceVersion "1"]
[SourceVersionDate "2021.10.06"]
[SourceQuality "1"]

1. d4 Nf6 2. Nf3 b6 3. g3 Bb7 4. Bg2 e6 5. 0-0 Be7 6. Bf4 0-0 7. Nbd2 d5 8. Ne5 Nbd7 9. Ndf3 Ne4 10. a4 a5 11. Nxd7 Qxd7 12. Ne5 Qc8 13. Rc1 f6 14. Nd3 Nd6 15. b3 Re8 16. c4 dxc4 17. bxc4 Bxg2 18. Kxg2 Qb7+ 19. Kg1 Nf5 20. d5 exd5 21. cxd5 Bd6 22. Bxd6 cxd6 23. Nf4 Rac8 24. Qd3 g6 25. e4 Ng7 26. f3 Rc5 27. Rxc5 bxc5 28. Rb1 Qa7 29. Qb5 c4+ 30. Qb6 Re7 31. Qxa7 Rxa7 32. Rb8+ Kf7 33. Rc8 g5 34. Ne2 f5 35. Rxc4 fxe4 36. fxe4 Ne8 37. Nd4 Nc7 38. Nf5 Ne8 39. Kf2 Rb7 40. Ke3 h5 41. h4 Rb3+ 42. Kd4 g4 43. e5 dxe5+ 44. Kxe5 Rf3 45. Rc5 1-0

[Event "Berlin Lichtenrade op 02nd"]
[Site "Berlin"]
[Date "2005.10.07"]
[Round "7"]
[White "Salzberg, Gregor"]
[Black "Jaeschke, Jens Uwe"]
[Result "1/2-1/2"]
[WhiteElo "2106"]
[BlackElo "2173"]
[PlyCount "42"]
[EventDate "2005.10.01"]
[EventType "swiss"]
[EventRounds "9"]
[EventCountry "GER"]
[SourceTitle "CBM 108 Extra"]
[Source "ChessBase"]
[SourceDate "2005.11.04"]
[SourceVersion "1"]
[SourceVersionDate "2005.11.04"]
[SourceQuality "1"]

1. e4 c5 2. Nf3 d6 3. d4 cxd4 4. Nxd4 Nf6 5. Nc3 g6 6. f4 Bg7 7. Be2 0-0 8. 0-0 Nc6 9. Nb3 Bd7 10. Be3 Na5 11. Nxa5 Qxa5 12. Bf3 Bc6 13. Nd5 Nxd5 14. exd5 Bd7 15. Bd4 Rac8 16. c3 Bxd4+ 17. Qxd4 Qc5 18. Qxc5 Rxc5 19. Rfe1 Re8 20. Rad1 Kf8 21. Rd4 h5 1/2-1/2

[Event "Muehlhausen op"]
[Site "Muehlhausen"]
[Date "2005.05.06"]
[Round "4"]
[White "Aepfler, Christian"]
[Black "Salzberg, Gregor"]
[Result "1/2-1/2"]
[WhiteElo "2268"]
[BlackElo "2101"]
[PlyCount "134"]
[EventDate "2005.05.04"]
[EventType "swiss"]
[EventRounds "7"]
[EventCountry "GER"]
[SourceTitle "EXT 2006"]
[Source "ChessBase"]
[SourceDate "2005.11.24"]
[SourceVersion "1"]
[SourceVersionDate "2005.11.24"]
[SourceQuality "1"]

1. e4 e6 2. d4 d5 3. Nd2 dxe4 4. Nxe4 Nd7 5. Bd3 Be7 6. Qe2 Ngf6 7. Nf3 Nxe4 8. Bxe4 Nf6 9. Bxb7 Bxb7 10. Qb5+ Qd7 11. Qxb7 0-0 12. 0-0 Nd5 13. Qa6 Bf6 14. Qe2 Rab8 15. Rd1 Qd6 16. Qe4 h6 17. c4 Ne7 18. Bf4 Qb6 19. b3 Ng6 20. Be3 Rfe8 21. Rd2 a5 22. Rb1 Qa6 23. Qc2 c6 24. h3 Rb7 25. Rdd1 Reb8 26. Nd2 Rd7 27. Ne4 Be7 28. Nc3 Qa8 29. Rd3 Nh4 30. Rbd1 Bb4 31. Na4 Bd6 32. Qe2 Ng6 33. Qg4 Rdd8 34. h4 Kh7 35. h5 Ne7 36. Qe4+ Kg8 37. Bf4 Bxf4 38. Qxf4 Qa7 39. Qe4 Re8 40. Nc5 Rbd8 41. g4 Qc7 42. Qe5 Rc8 43. Qxc7 Rxc7 44. f3 Kf8 45. Kf2 Ng8 46. Ne4 Nf6 47. Nxf6 gxf6 48. d5 cxd5 49. cxd5 exd5 50. Rxd5 Rc2+ 51. R1d2 Rxd2+ 52. Rxd2 Re5 53. Kg3 Kg7 54. Kf4 Rb5 55. Rd4 Rc5 56. Ke4 Rc2 57. Ra4 Rc5 58. f4 f5+ 59. gxf5 Kf6 60. Rc4 Rb5 61. Rc6+ Kg7 62. Rd6 a4 63. bxa4 Rb2 64. a3 Re2+ 65. Kf3 Rh2 66. f6+ Kh7 67. Kg4 Rg2+ 1/2-1/2

[Event "Muehlhausen op"]
[Site "Muehlhausen"]
[Date "2005.05.06"]
[Round "5"]
[White "Salzberg, Gregor"]
[Black "Just, Wolfgang"]
[Result "0-1"]
[WhiteElo "2101"]
[BlackElo "2185"]
[PlyCount "46"]
[EventDate "2005.05.04"]
[EventType "swiss"]
[EventRounds "7"]
[EventCountry "GER"]
[SourceTitle "EXT 2006"]
[Source "ChessBase"]
[SourceDate "2005.11.24"]
[SourceVersion "1"]
[SourceVersionDate "2005.11.24"]
[SourceQuality "1"]

1. d4 e6 2. c4 f5 3. a3 b6 4. Nf3 Nf6 5. Nc3 Bb7 6. e3 Ne4 7. Qc2 Be7 8. Bd3 Nxc3 9. Qxc3 0-0 10. Qc2 d5 11. cxd5 Bxd5 12. e4 fxe4 13. Bxe4 Bxe4 14. Qxe4 Qd5 15. Qe2 Nc6 16. 0-0 Bf6 17. Be3 Nxd4 18. Bxd4 Bxd4 19. Nxd4 Qxd4 20. Qxe6+ Kh8 21. Qb3 Rae8 22. Rad1 Qf4 23. Rd3 Qxf2+ 0-1